Курс лекций по математике для строительных специальностей. Ч. 1. (Запись № 11376776)

Подробности
000 -МАРКЕР
контрольное поле 01636nam2a2200241 i 4500
001 - ИДЕНТИФИКАТОР ЗАПИСИ
контрольное поле RU\NLR\BIBL_A\011092666
005 - ИДЕНТИФИКАТОР ВЕРСИИ
контрольное поле 20240729015247.0
021 ## - НОМЕР ГОСУДАРСТВЕННОЙ РЕГИСТРАЦИИ
Код страны Российская Федерация
Номер 2016-19139
Номер Листа государственной регистраци 1227
035 ## - ДРУГИЕ СИСТЕМНЫЕ НОМЕРА
Идентификатор записи (NLR Aleph) 011092666
100 ## - ДАННЫЕ ОБЩЕЙ ОБРАБОТКИ
Данные общей обработки 20160401d2013 u y0rusy50 ca
101 0# - ЯЗЫК РЕСУРСА
Язык текста, звукозаписи и т.д. русский
102 ## - СТРАНА ПУБЛИКАЦИИ ИЛИ ПРОИЗВОДСТВА
Страна публикации Российская Федерация
105 ## - ПОЛЕ КОДИРОВАННЫХ ДАННЫХ: ТЕКСТОВЫЕ МАТЕРИАЛЫ, МОНОГРАФИЧЕСКИЕ
Кодированные данные о монографическом текстовом документе a j 000yy
200 0# - ЗАГЛАВИЕ И СВЕДЕНИЯ ОБ ОТВЕТСТВЕННОСТИ
Основное заглавие Ч. 1.
210 ## - ПУБЛИКАЦИЯ, РАСПРОСТРАНЕНИЕ И ДР.
Дата издания, распространения и т.д. 2013
215 ## - ФИЗИЧЕСКАЯ ХАРАКТЕРИСТИКА
Специфическое обозначение материала и объем 285 с.
Другие сведения о физической характеристике ил.
320 ## - ПРИМЕЧАНИЯ О НАЛИЧИИ В ДОКУМЕНТЕ БИБЛИОГРАФИИ / УКАЗАТЕЛЯ
Текст примечания Библиогр.: с. 277-278 (21 назв.)
461 #0 - УРОВЕНЬ НАБОРА
Встроенное поле 001RU\NLR\BIBL_A\011003501
-- 2000#$aКурс лекций по математике для строительных специальностей$vЧ. 1
-- 700#1$aПавлов$bИ.В.$gИгорь Викторович
Системный номер (АБИС) связанной записи 10979701
Автор Павлов, И. В. (д-р физ.-мат. наук)
Место публикации Ростов-на-Дону
Дата публикации 2014
Первые сведения об ответственности И.В. Павлов, В.В. Шамраева
Имя издателя, распространителя и т.д. Ростовский государственный строительный университет
Сведения, относящиеся к заглавию учебное пособие : [для обучающихся по направлениям подготовки по ФГОС 190700 "Технология транспортных процессов", 270800 "Строительство", 280700 "Техносферная безопасность" и по специальностям 120401 "Прикладная геодезия", 271101 "Строительство уникальных зданий и сооружений"]
Заглавие Курс лекций по математике для строительных специальностей
Номер тома Ч. 1
942 ## - ДОПОЛНИТЕЛЬНЫЕ ЭЛЕМЕНТЫ ЗАПИСИ (АБИС)
Тип экземпляра АБИС Книга
980 ## - КОЛЛЕКЦИЯ
Название коллекции НБР

Нет доступных экземпляров.